00511nam a2200169 a 450000100060000000300090000600800410001502000150005604000280007108200180009910000250011724500960014226000370023830000110027565000280028665000270031419700CO-ViMGA141112s2004 ck r 000 u spa d a8480195908 aCO-ViMGAbspacCO-ViMGA04a796.077 B672q1 aBoschetti, Gianpaolo10aQue es la electroestimulación? : bteoría, práctica y metodología del entrenamiento aBarcelona : bPaidotribo, c2002 a266 p.14aENTRENAMIENTO DEPORTIVO14aESTIMULACION ELECTRICA